| 000 | 00674nam a2200217 i 4500 | ||
|---|---|---|---|
| 001 | bg | ||
| 100 | 1 | _aFRYC, Irena | |
| 245 | 1 | 0 |
_aKorekcja widmowa i przestrzenna fotometrów / _cIrena Fryc. |
| 260 |
_aBiałystok : _bDział Wydawnictw i Poligrafii PB, _c2000. |
||
| 300 |
_a96 s. : _bil. ; _c24 cm. |
||
| 490 | 1 |
_aRozprawy Naukowe / Politechnika Białostocka, _x0867-096X ; _vnr 71 |
|
| 504 | _aBibliogr. - Indeks. | ||
| 650 | 9 | _aFotometria | |
| 650 | 9 |
_aŚwiatło _xpomiary |
|
| 830 | 0 |
_aRozprawy Naukowe (Politechnika Białostocka) ; _vnr 71 |
|
| 040 | _cBPK | ||
| 041 | 0 | _apl | |
| 080 | _a535.24:628.9 | ||
| 942 | _cKS | ||
| 008 | s pl f |000 0 pol | ||
| 999 |
_c42449 _d42449 |
||
| 856 |
_uhttp://koha.tu.koszalin.pl/cgi-bin/koha/opac-detail.pl?biblionumber=42449 _yKatalog online BPK |
||